000 01389cam a2200265 i 4500
003 SA-RiAUC
005 20250710055324.0
008 250709s1992 su a g 00000 ara c
040 _aSA-JeALM
_bara
_cSA-RiAUC
_erda
043 _aa-su---
082 0 4 _a371.33
090 _a371.33
_bع ا ل
100 1 _aعالم، إبراهيم بن أحمد محمد،
_d1371 هجري-
_eمؤلف.
245 1 0 _aدراسة في تحديد آراء معلمي المدارس المتوسطة في مدينة مكة المكرمة :
_bنحو واجبات اختصاصي التقنيات التربوية فيما يتعلق بالمواد التعليمية غير المطبوعة والأجهزة /
_cإعداد إبراهيم بن أحمد محمد عالم.
264 1 _aمكة المكرمة :
_bجامعة أم القرى، معهد البحوث العلمية وإحياء التراث التربوية والنفسية،
_c1994
300 _a71 صفحة :
_bإيضاحيات ؛
_c24 سم.
336 _aنص
_btxt
_2rdacontent
_3كتاب
337 _aبدون وسيط
_bn
_2rdamedia
338 _aمجلد
_bnc
_2rdacarrier
440 0 _aسلسلة بحوث العلوم التربوية والنفسية
_v37
650 7 _aتكنولوجيا التعليم
_2aucsh
650 7 _aالوسائل التعليمية
_2aucsh
942 _2ddc
_cBOOK
_n0
949 _aSA-JeALM
_d250709
_uosman123
_n1
999 _c9697
_d9697